00810cas a2200265 a 4500001000400000005001700004006001900021007000700040008004100047010000700088022001400095022002300109082001200132130005400144222005200198245005200250260003300302260005300335300002000388310001400408650003200422650003100454650003200485856002700517dpl20140904164533.0m o d cr cnu050819c20059999nyuqr pso 0 a0eng c a 0 a0971-78110 a0974-1275 (online)10a5742130 aSociety for plant biochemistry and biotechnology  0aJournal of plant biochemistry and biotechnology10aJournal of plant biochemistry and biotechnology aNew Delhi :bSpringer India, bSociety for Plant Biochemistry and Biotechnology av.c26 cm (Pbk) aQuarterly 0aBiotechnologyvPeriodicals. 0aBiochemistryvPeriodicals. 0aBiotechnologyvPeriodicals. uwww.springer.com/13562